Biased quiz 2 - Statistics

General Stats
  • This quiz has been taken 11 times
  • The average score is 15 of 18
Answer Stats
Hint Answer % Correct
And finally... food or water? THEY ARE BOTH AWESOME AND SKIBIDIRIZZLER IS ALSO SUPER AWESOME I LOVE HIS QUIZZES
100%
Drake... or Kendrick KENDIRCK!!!!
90%
Mending bows... or Infinity bows? Mending
90%
Old Jojo Siwa... or new? Old
90%
SCP Foundation... or Chaos Insurgency? SCP
90%
Minecraft... or Roblox? Both
80%
Mustard... or Ketchup on a hotdog? Both
80%
Marvel... or DC? Both
80%
Fortnite... or Brawl Stars? Brawl Stars
80%
Prime... or Gatorade? Gatorade, obviously
80%
Prime... or Powerade? IDK
80%
Jays... or Lays? Lays
80%
Minecraft... or Brawl Stars? Minecraft
80%
Am I a good person? No
80%
Water or soda? Water
80%
Is water the best drink? Yes
80%
SCP Foundation... or Global Occult Coalition? GOC
70%
Water or any "ade" drinks including Prime Water
70%
No matching quizzes found
Score Distribution
Percent of People with Each Score
Percentile by Number Answered
Your Score History
You have not taken this quiz